01175nam a2200289Ia 4500003000400000005001700004008004100021020001800062040001800080041000800098082002000106100003200126245015200158250001200310260006600322300002800388650004500416650004400461650004000505650004200545650003600587650003800623650004600661942002700707999001900734952013200753OSt20250115090506.0210716s2010 xx 000 0 und d a9780070701182 cAIMIT LIBRARY aeng a005.7401 bDESF aDesbiens, Frederic.9193243 aOracle webcenter 11g handbook :bbuild rich, customizable enterprise 2.0 application /cBy Frederic Desbiens, Peter Moskovits and Philipp weckerle. a1st ed. aNew Delhi :bTata McGraw Hill Publishing Company Ltd ,c2010. axxv,498 p.;bPBc25 cm. aBuilding web center applications9193244 aConsuming and building portlets9193245 aIntegrating content systems9193246 aInter component communication9193399 aSocial web 2.0 services9193400 aExtending oracle composer9193401 aInstalling and managing webcenter9193402 2ddccBKk005.7401 DESF c190602d190602 001040708MCAaAIMITbAIMITeKnowledge Worldg625.00l0o005.7401 DESFpMCA10110r2026-05-23 00:00:00v468.75w2021-07-16yBK